000 00240pab a2200109 454500
008 180718b xxu||||| |||| 00| 0 eng d
100 _aKang, S.K.
245 _aIrrigation scheduling
650 _aIrrigation
773 _aBhagirath
909 _a3105
999 _c3105
_d3105